Top 10 des tennismen avec le plus de Grand Chelem - Statistiques

Statistiques générales
  • Ce quiz a été pris 152 fois
  • Le résultat moyen est 6 sur 10
Statistiques - réponses
Hint Réponse % Correct
1 Djokovic
100%
3 Federer
100%
2 Nadal
100%
10 Agassi
83%
7 Börg
80%
4 Sampras
80%
6 Laver
40%
5 Emerson
6%
9 Perry
3%
8 Tilden
3%
Aucun quiz correspondant
Distribution des résultats
% des personnes avec chaque résultat
Percentile par nombre de réponses
Votre historique - résultats
Vous n’avez pas pris ce quiz